000 00487nam a22001697a 4500
008 160322b xxu||||| |||| 00| 0 eng d
020 _a9789351152347
082 _22014
_aDC 664
_bF73
245 _aFood technology/
260 _aNew Delhi:
_b3G eLearning,
_cc2014.
300 _avi, 312 pages:
_billustrations;
_c23.4 cm.
500 _aInclude bibliography.
650 0 _94197
_aFood industry and trade
650 0 _94198
_aFood technology
365 _b3,600.00
_cPhp.
942 _2ddc
_cDC
999 _c1391
_d1391